Electrical coils and conductors, their electrical characteristics and theory /

Bibliographic Details
Main Author: Dwight, Herbert Bristol, 1885-
Format: Book
Language:English
Published: New York, London : McGraw-Hill book company, inc., 1945.
Edition:1st ed.
Subjects:

MARC

Tag First Indicator Second Indicator Subfields
LEADER 00000cam a2200000 4500
001 in00000039768
005 20151007064545.0
008 730111s1945 nyu 00000 eng u
010 |a  45005459  
035 |a (OCoLC)00536065 
035 |9 AAE0109AM 
040 |c WSU  |d TXA  |d UtOrBLW 
049 |a TXAM  |c 1 [129869]  |c 2 [423818] 
050 0 |a QC645  |b .D78 
092 |a 537.51  |b D991e 
100 1 |a Dwight, Herbert Bristol,  |d 1885- 
245 1 0 |a Electrical coils and conductors, their electrical characteristics and theory /  |c by Herbert Bristol Dwight ... 
250 |a 1st ed. 
264 1 |a New York,  |a London :  |b McGraw-Hill book company, inc.,  |c 1945. 
300 |a 351 pages 
336 |a text  |b txt  |2 rdacontent 
337 |a unmediated  |b n  |2 rdamedia 
338 |a volume  |b nc  |2 rdacarrier 
650 0 |a Electric coils. 
999 |a MARS 
999 f f |s e96a20f6-cfa2-3556-ae11-d0492689b17e  |i 98621f17-555d-3f51-a3f5-5169cb66f45d  |t 0 
952 f f |p ric  |a Texas A&M University  |b Rellis Campus  |c Joint Library Facility  |d Remote Storage  |t 0  |e QC645 .D78  |h Library of Congress classification  |i unmediated -- volume  |m A14800923734 
998 f f |a QC645 .D78  |t 0  |l Remote Storage